000 00394nam a22001217a 4500
082 _a220 PRO
100 _aUMAR,MUZAMMIL,NAUMAN
_971770
245 _aPR-SOF-1206-DESIGN AND IMPLEMENTATION OF MULTI-AGENT INTELLIGENT ELECTRO-MECHANICAL SYSTEM (MIEMS)
260 _aISLAMABAD
_bNUST COLLEGE OF EME
_c2012
650 _aDE-ELECT-30
_971771
700 _aSUPERVISOR DR MUHAMMAD SALMAN
942 _cCR
999 _c578108
_d578108